[Event "Buenos Aires op"]
[Site "Buenos Aires"]
[Date "1990.??.??"]
[Round "4"]
[White "Medina, Miguel"]
[Black "Giardelli, Sergio C"]
[Result "0-1"]
[WhiteElo "2265"]
[BlackElo "2450"]

1.e4 c5 2.Nf3 e6 3.d4 cxd4 4.Nxd4 Nc6 5.Nc3 Qc7 6.g3 a6 7.Bg2 d6 8.O-O Bd7
9.Nxc6 Bxc6 10.a4 Nf6 11.a5 Be7 12.Be3 Nd7 13.f4 O-O 14.Qd2 b5 15.axb6 Nxb6
16.b3 Rfc8 17.Ne2 Nd7 18.Bd4 Nf6 19.Qd3 e5 20.Bb2 Qb6+ 21.Kh1 Ng4 22.fxe5 Nxe5
23.Qd4 Qb7 24.Nf4 Bf8 25.Rf2 a5 26.Nd5 Re8 27.Bc3 Bxd5 28.exd5 Qc7 29.Bh3 Re7
30.Qd2 Qc5 31.Kg2 g6 32.Rxa5 Rxa5 33.Bxa5 h5 34.c4 Ra7 35.Bc3 Bg7 36.Bd4 Qc7
37.Bxa7 Qxa7 38.Re2 Qb6 39.Qe3 Qb4 40.Bc8 Kh7 41.h3 Bh6 42.Qe4 Qxb3 43.c5 h4
44.gxh4 Nd3 45.Kf1 Qd1+ 46.Kg2 Nf4+ 47.Kf3 Nxe2 48.Qxe2 Qxd5+ 49.Qe4 Qxc5
50.Bb7 Qc3+ 51.Kg2 Qd2+ 52.Kf1 Be3 53.Qf3 f5 54.h5 Qd3+ 55.Kg2 g5 56.Bd5 Kh6
57.Ba2 Qc2+ 58.Kf1 Bc5 59.Bd5 f4 60.Bc6 Qc4+ 61.Ke1 Bb4+ 62.Kd1 Bc3 63.Bd5 Qa4+
64.Ke2 Qc2+ 65.Kf1 Qc1+ 66.Kg2 Qd2+ 67.Kf1 Qe1+ 68.Kg2 Bd4 69.Qf1 Qg3+ 70.Kh1 Bf2
71.Qg2 Qd3 72.Qxf2 Qxd5+ 73.Kh2 f3  0-1

[Event "Cali zt"]
[Site "Cali"]
[Date "1990.??.??"]
[Round "2"]
[White "Garcia, Gildardo"]
[Black "Zapata, Alonso"]
[Result "0-1"]
[WhiteElo "2465"]
[BlackElo "2480"]

1.e4 c5 2.Nf3 e6 3.d4 cxd4 4.Nxd4 Nc6 5.Nc3 Qc7 6.Be3 a6 7.Bd3 Nf6 8.O-O Bd6
9.Nxc6 dxc6 10.f4 e5 11.f5 Qe7 12.Kh1 b5 13.a4 Bb7 14.Qf3 Bc5 15.Bg5 h6 16.Bh4 Rd8
17.Ne2 Qc7 18.Qg3 Kf8 19.Qh3 Be7 20.Ng3 Kg8 21.Bxf6 Bxf6 22.Nh5 Qe7 23.Qg4 Kh7
24.Rf3 Rhg8 25.axb5 cxb5 26.Raf1 Rd6 27.Rg3 Bc6 28.Qe2 Qb7 29.Rg4 a5 30.Qe3 a4
31.Qc5 Qb8 32.h3 Rc8 33.Qe3 b4 34.Qg3 Rg8 35.Nxf6+ Rxf6 36.Rd1 Rd6 37.Kh2 Rd4
38.Rf1 Qd6 39.f6 g6 40.Rf5 Bd7 41.Rh4 gxf5  0-1

[Event "Cali zt"]
[Site "Cali"]
[Date "1990.??.??"]
[Round "5"]
[White "Rodriguez, Amador"]
[Black "Hernandez, Gilberto"]
[Result "1/2-1/2"]
[WhiteElo "2495"]
[BlackElo "2395"]

1.e4 c5 2.Nf3 e6 3.d4 cxd4 4.Nxd4 Nc6 5.Nc3 Qc7 6.f4 a6 7.Nxc6 Qxc6 8.Bd3 b5
9.Qe2 Be7 10.Bd2 Bb7 11.O-O b4 12.Nd1 h5 13.Nf2 f5 14.Qf3 g6 15.Qg3  1/2-1/2

[Event "Cali zt"]
[Site "Cali"]
[Date "1990.??.??"]
[Round "7"]
[White "Juarez Flores, Carlos A"]
[Black "Hernandez, Gilberto"]
[Result "1/2-1/2"]
[WhiteElo "2375"]
[BlackElo "2395"]

1.e4 c5 2.Nf3 e6 3.d4 cxd4 4.Nxd4 Nc6 5.Nc3 Qc7 6.g3 a6 7.Bg2 Nf6 8.O-O Be7
9.h3 O-O 10.Kh2 d6 11.f4 Bd7 12.Nde2 b5 13.a3 Rad8 14.g4 h6 15.Ng3 Bc8 16.Qe1 d5
17.Bd2 dxe4 18.Ncxe4 Nxe4 19.Nxe4 Bb7 20.Rc1 f5 21.Ng3 Kh8 22.Bc3 Bf6 23.Nh5 Bxc3
24.Qxc3 fxg4  1/2-1/2

[Event "Cali zt"]
[Site "Cali"]
[Date "1990.??.??"]
[Round "8"]
[White "Juarez Flores, Carlos A"]
[Black "Zapata, Alonso"]
[Result "1/2-1/2"]
[WhiteElo "2375"]
[BlackElo "2480"]

1.e4 c5 2.Nf3 e6 3.d4 cxd4 4.Nxd4 Nc6 5.Nc3 Qc7 6.g3 d6 7.Bg2 Nxd4 8.Qxd4 Bd7
9.O-O Nf6 10.Re1 Be7 11.e5 dxe5 12.Rxe5 O-O 13.Bf4 Rfd8 14.Rg5 Qc8 15.Bd6 Bxd6
16.Qxd6 Bc6 17.Qf4 h6 18.Rc5 Nd7 19.Rc4 Nb6 20.Rc5 Nd7 21.Rc4  1/2-1/2

[Event "Cannes op2"]
[Site "Cannes"]
[Date "1990.??.??"]
[Round "?"]
[White "Gazik, Igor"]
[Black "Cebalo, Miso"]
[Result "0-1"]
[WhiteElo "2330"]
[BlackElo "2525"]

1.e4 c5 2.Nf3 e6 3.d4 cxd4 4.Nxd4 Nc6 5.Nc3 d6 6.Be2 Nf6 7.O-O Be7 8.Be3 O-O
9.f4 Bd7 10.Qe1 a6 11.Qg3 b5 12.e5 Ne8 13.Rad1 g6 14.Ne4 Nxd4 15.Bxd4 Bc6
16.Ng5 dxe5 17.Bxe5 Qb6+ 18.Kh1 Ng7 19.Qh4 h5 20.Bxg7 Bxg5 21.Qxg5 Kxg7 22.Bxh5 Rad8
23.Be2 Rxd1 24.Rxd1 Qf2 25.Bd3 Rh8 26.Rf1 Qb6 27.Qe5+ f6 28.Qe2 Bd5 29.c4 bxc4
30.Bxc4 Rd8 31.Bxd5 Rxd5 32.h3 Qd6 33.Re1 Kf7 34.Qe4 f5 35.Qf3 Rd2 36.Qb7+ Kf6
37.Qc8 Kf7 38.Rc1 Qxf4 39.Qxa6 Qe4 40.Qa7+ Kf6 41.Rg1 Rxb2 42.Qa3 Rb8 43.Rd1 g5
44.Qd6 Rh8 45.Qd3 Qxd3 46.Rxd3 Rc8 47.Rd1 Rc3 48.Kg1 f4 49.Rd8 Rc1+ 50.Kh2 Rc2
51.Ra8 e5 52.Rf8+ Ke6 53.Rg8 Kf5 54.h4 gxh4 55.a4 Ra2 56.Ra8 Ke4 57.Kh3 Ra3+
58.Kh2 h3 59.gxh3 Kf3 60.h4 Ra2+ 61.Kh3 Ra1 62.Kh2 e4 63.Rb8 e3 64.Rb3 Rxa4
65.Kh3 Ra1  0-1

[Event "FRA-NLD"]
[Site "Cannes"]
[Date "1990.??.??"]
[Round "1"]
[White "Prie, Eric"]
[Black "Ligterink, Gert"]
[Result "0-1"]
[WhiteElo "2435"]
[BlackElo "2410"]

1.e4 c5 2.Nf3 e6 3.d4 cxd4 4.Nxd4 Nc6 5.Nc3 d6 6.Be3 Nf6 7.Qd2 Be7 8.f3 O-O
9.g4 d5 10.g5 Ne8 11.O-O-O Nxd4 12.Qxd4 Bxg5 13.exd5 exd5 14.f4 Bf6 15.Qxd5 Bg4
16.Qxd8 Bxd8 17.Rd2 Bf3 18.Bg2 Bxg2 19.Rxg2 Nf6 20.Bd4 Re8 21.Rd1 a6 22.Be5 Be7
23.Nd5 Nxd5 24.Rxg7+ Kf8 25.Rxd5 f6 26.Rxh7 fxe5 27.Rxe5 Bd6 28.Rf5+ Kg8
29.Rxb7 Re4 30.Rg5+ Kf8 31.Rf5+ Ke8 32.Rh7 Bxf4+  0-1

[Event "Cannes op"]
[Site "Cannes"]
[Date "1990.??.??"]
[Round "2"]
[White "Groszpeter, Attila"]
[Black "Soyer, Jean Yves"]
[Result "1-0"]
[WhiteElo "2545"]
[BlackElo "2160"]

1.e4 c5 2.Nf3 e6 3.d4 cxd4 4.Nxd4 Nc6 5.Nc3 Qc7 6.Nxc6 bxc6 7.Bd3 Nf6 8.O-O Be7
9.f4 d6 10.Qe2 e5 11.fxe5 dxe5 12.Kh1 Bg4 13.Qe1 Be6 14.Nd1 O-O 15.Ne3 g6
16.b3 Ne8 17.Qg3 f6 18.Nf5 Bc5 19.Bh6 Rf7 20.Bd2 Kh8 21.Nh6 Rg7 22.Ng4 Be7
23.Bc3 Qc8 24.Be2 Rb8 25.Rad1 Rb7 26.Ba6  1-0

[Event "Cannes op"]
[Site "Cannes"]
[Date "1990.??.??"]
[Round "2"]
[White "Schlosser, Michael"]
[Black "Fiol, Fabrice"]
[Result "1-0"]
[WhiteElo "2340"]
[BlackElo "1970"]

1.e4 c5 2.Nf3 e6 3.d4 cxd4 4.Nxd4 Nc6 5.Nc3 a6 6.Nxc6 bxc6 7.e5 Qc7 8.f4 d5
9.exd6 Bxd6 10.Ne4 Be7 11.Bd3 Nf6 12.O-O c5 13.Qe2 O-O 14.Ng5 Bb7 15.Bd2 g6
16.Rae1 Qb6 17.Kh1 Rfe8 18.b3 Rad8 19.Nf3 Nd5 20.a3 Nc7 21.Bc3 Nd5 22.Bb2 Bf6
23.Ne5 Bg7 24.Qf2 Qc7 25.Qh4 Qe7 26.Qg3 Qc7 27.Ba1 Ne7 28.Ng4 Bxa1 29.Rxa1 Kg7
30.f5 Qxg3 31.f6+ Kg8 32.Nh6+ Kh8 33.hxg3 Nf5 34.Nxf7+ Kg8 35.Nxd8 Nxg3+
36.Kg1 Rxd8 37.Rfd1 Nh5 38.f7+ Kf8 39.Bc4 Rxd1+ 40.Rxd1 Nf6 41.Bxe6 Ke7 42.Rd8  1-0

[Event "Cannes op"]
[Site "Cannes"]
[Date "1990.??.??"]
[Round "3"]
[White "Laurain, Guy"]
[Black "Goldstein, Marc"]
[Result "1/2-1/2"]
[WhiteElo "2000"]
[BlackElo "2110"]

1.e4 c5 2.Nf3 e6 3.d4 cxd4 4.Nxd4 Nc6 5.Nc3 a6 6.a3 Qc7 7.Be3 b5 8.Bd3 Bb7
9.O-O Rc8 10.Nxc6 Bxc6 11.Kh1 Nf6 12.Qe2 Be7 13.f4 Qb7 14.Bd4 O-O 15.Rae1 Rfe8
16.Qe3 a5 17.Qh3 h6 18.e5 Nh7 19.Ne4 Bxe4 20.Bxe4 Qb8 21.Qh5 Rf8 22.Qe2 Bc5
23.Bxc5 Rxc5 24.Rd1 Rd8 25.Rd6 Nf8 26.Rfd1 b4 27.axb4 Qxb4 28.b3 Rdc8 29.R6d4 Qb6
30.Ra1 R8c7 31.Qd2 Rc3 32.Bd3 R3c5 33.Rda4 Rd5 34.Qe1 Ng6 35.Rxa5 Rxd3 36.cxd3 Rc2
37.R5a2 Qxb3 38.Rxc2 Qxc2 39.Qe4 Qb2 40.Rf1 Qb5 41.Ra1 Qb2 42.Ra8+ Kh7 43.g3  1/2-1/2

[Event "Cannes op"]
[Site "Cannes"]
[Date "1990.??.??"]
[Round "5"]
[White "Luchetti, Pedro"]
[Black "Soyer, Jean Yves"]
[Result "1-0"]
[WhiteElo "2010"]
[BlackElo "2160"]

1.e4 c5 2.Nf3 e6 3.d4 cxd4 4.Nxd4 Nc6 5.Nc3 Qc7 6.Be3 a6 7.Be2 Nf6 8.O-O Bb4
9.Bd3 Bxc3 10.bxc3 d5 11.f3 Ne5 12.Bf4 O-O 13.h3 dxe4 14.fxe4 Qc5 15.Bxe5 Qxe5
16.Nf3 Qc5+ 17.Kh2 Qh5 18.Qe2 e5 19.Rab1 Rb8 20.Rb2 Bd7 21.Rfb1 Bc6 22.a4 Rbc8
23.a5 Rc7 24.Kg1 Re8 25.Qe3 Rd7 26.Nd2 Qg6 27.Rb4 Nh5 28.Qf3 Nf4 29.Nc4 f6
30.Nb6 Rdd8 31.Kh2 Kh8 32.g3 Ne6 33.Rf1 Nc5 34.Rf2 h6 35.h4 Qf7 36.Bc4 Qc7
37.Bd5 Bxd5 38.exd5 e4 39.Qf5 e3 40.Re2 Re5 41.Qf3 Qe7 42.Rd4 f5 43.Nc4 f4
44.Nxe5  1-0

[Event "Cannes op"]
[Site "Cannes"]
[Date "1990.??.??"]
[Round "8"]
[White "Bacis, Jean Franc"]
[Black "Fiol, Fabrice"]
[Result "1-0"]
[WhiteElo "2150"]
[BlackElo "1970"]

1.e4 c5 2.Nf3 e6 3.d4 cxd4 4.Nxd4 Nc6 5.Nc3 Qc7 6.Be3 a6 7.Be2 Nf6 8.O-O Bb4
9.f4 Bxc3 10.bxc3 Nxe4 11.Bd3 Nf6 12.Qe1 b5 13.Nf5 O-O 14.Nxg7 Kxg7 15.Qh4 Qd8
16.f5 Rg8 17.Qh6+ Kh8 18.fxe6 Rg6 19.Bxg6 fxg6 20.Bg5 Qb6+ 21.Kh1 Ng8 22.Qf8  1-0

[Event "Cannes op"]
[Site "Cannes"]
[Date "1990.??.??"]
[Round "8"]
[White "Schlosser, Michael"]
[Black "Pira, Davoud"]
[Result "1-0"]
[WhiteElo "2340"]
[BlackElo "2345"]

1.e4 c5 2.Nf3 e6 3.d4 cxd4 4.Nxd4 Nc6 5.Nc3 Qc7 6.Be3 a6 7.f4 Nxd4 8.Qxd4 b5
9.Be2 Bb7 10.Rd1 Rc8 11.O-O Nf6 12.Bf3 Bc5 13.Qxc5 Qxc5 14.Bxc5 Rxc5 15.e5 Bxf3
16.Rxf3 b4 17.exf6 bxc3 18.fxg7 Rg8 19.b3 Rxg7 20.Rdd3 Rg4 21.g3 h5 22.Rxc3 Ra5
23.a4 h4 24.Kf2 hxg3+ 25.hxg3 Kd8 26.Rfd3 e5 27.fxe5 Rxe5 28.Rd6 Re6 29.Rcd3 Rge4
30.Rxd7+ Ke8 31.Kf3 Re2 32.Rc7 Re1 33.Rdc3 Rf6+ 34.Kg2 Re2+ 35.Kh3 Rff2 36.Ra7 Kf8
37.Rxa6 Kg7 38.Rb6 f6 39.Rc4 Kg6 40.Rf4 Rxf4 41.gxf4 Rxc2 42.Kg4 Rg2+ 43.Kf3 Ra2
44.Rb5 Ra3 45.Ke4 Ra1 46.f5+ Kg5 47.Kd4  1-0

[Event "FRA-NLD"]
[Site "Cannes"]
[Date "1990.??.??"]
[Round "9"]
[White "Renet, Olivier"]
[Black "Ligterink, Gert"]
[Result "1/2-1/2"]
[WhiteElo "2520"]
[BlackElo "2410"]

1.e4 c5 2.Nf3 e6 3.d4 cxd4 4.Nxd4 Nc6 5.Nc3 d6 6.Be3 Nf6 7.Bc4 Be7 8.Qe2 O-O
9.O-O-O Bd7 10.Bb3 Rc8 11.f3 Na5 12.Kb1 Nxb3 13.Nxb3 a5 14.Rd4 e5 15.Rd3 b5
16.Qf2 a4 17.Bb6 Qe8 18.Nc1 b4 19.Nd5 Nxd5 20.Rxd5 Be6 21.Ra5 f5 22.Qd2 fxe4
23.fxe4 Rc4 24.b3 axb3 25.axb3 Rxe4 26.Ra7 d5 27.Re1 Rxe1 28.Qxe1 Bd6 29.Nd3 Qb8
30.Bd4 Bf5 31.Nxe5 Bxe5 32.Qxe5 Qxe5 33.Bxe5 Rf7 34.Ra8+ Rf8 35.Rxf8+ Kxf8
36.Bd6+ Ke8 37.Bxb4 g6  1/2-1/2

[Event "Cannes op"]
[Site "Cannes"]
[Date "1990.??.??"]
[Round "9"]
[White "Trassaert, Stephane"]
[Black "Tournier, P."]
[Result "1-0"]
[WhiteElo "2010"]
[BlackElo "2150"]

1.e4 c5 2.Nf3 Nc6 3.d4 cxd4 4.Nxd4 e6 5.Nc3 Qc7 6.f4 a6 7.Be3 b5 8.a3 Bb7
9.Be2 Na5 10.O-O Nc4 11.Bxc4 Qxc4 12.Kh1 h5 13.Qd2 h4 14.h3 Nf6 15.Rad1 O-O-O
16.Rfe1 Nxe4 17.Nxe4 Bxe4 18.Qa5 Bb7 19.Rd3 Qd5 20.Nf3 Qf5 21.Rc3+ Bc6 22.Qxa6+ Kb8
23.Ba7+  1-0

[Event "JUG-chT Cetinje"]
[Site "Cetinje"]
[Date "1990.??.??"]
[Round "1"]
[White "Alvir, Aco"]
[Black "Kurajica, Bojan"]
[Result "0-1"]
[WhiteElo "2295"]
[BlackElo "2480"]

1.e4 c5 2.Nf3 Nc6 3.d4 cxd4 4.Nxd4 e6 5.Nc3 a6 6.Be3 Nf6 7.Qf3 Bb4 8.Bd3 Qc7
9.Nxc6 bxc6 10.O-O O-O 11.Na4 Rb8 12.c4 Bd6 13.Qh3 Bf4 14.Rae1 Bxe3 15.Rxe3 e5
16.Qh4 d6 17.Rg3 Ne8 18.f4 exf4 19.Rxf4 Qa5 20.c5 g6 21.b3 Be6 22.h3 dxc5
23.Qh6 Qd2 24.Kh2 c4 25.bxc4 Ng7 26.e5 Rfd8 27.Nc5 Bf5 28.Bxf5 Nxf5 29.Qg5 Nxg3
30.Qxg3 Qa5 31.Qe3 Qc7 32.Ne4 Kg7 33.Nd6 Rxd6 34.exd6 Qxd6 35.c5 Qc7 36.Qc3+ Kg8
37.Qf6 Re8 38.g3 Re2+ 39.Rf2 Rxf2+ 40.Qxf2 Qe5 41.h4 h5 42.Qc2 a5 43.Qc4 Kg7
44.a4 Qb2+ 45.Kh3 Qb4 46.Qc2 Qd4 47.Kh2 Kf6 48.Kh3 Ke5 49.Qb3 Qd5 50.Qc3+ Ke6
51.Kh2 Qa2+ 52.Kh3 Qxa4 53.Qd3 Qg4+ 54.Kh2 Kf6 55.Qc3+ Kf5 56.Qxa5 Qe2+ 57.Kh3 Qf1+
58.Kh2 Qf2+ 59.Kh1 Qxg3 60.Qd8 Qf3+ 61.Kh2 Qd5 62.Qf8 Qe6 63.Kg3 Ke5 64.Qd8 Qb3+
65.Kf2 Qd5 66.Qf8 Qe6 67.Ke2 Kf4+ 68.Kf2 Qe3+ 69.Kg2 Qe2+ 70.Kg1 Kg3  0-1

[Event "JUG-chT Cetinje"]
[Site "Cetinje"]
[Date "1990.??.??"]
[Round "1"]
[White "Todorovic, Goran M"]
[Black "Paunovic, Dragan"]
[Result "1-0"]
[WhiteElo "2415"]
[BlackElo "2450"]

1.e4 c5 2.Nf3 Nc6 3.Nc3 e6 4.d4 cxd4 5.Nxd4 Qc7 6.Be2 a6 7.Be3 Nf6 8.O-O d6
9.f4 Be7 10.Qe1 O-O 11.Kh1 Bd7 12.Qg3 Kh8 13.Nf3 Nh5 14.Qf2 Nf6 15.Bb6 Qb8
16.Rad1 Be8 17.Qe1 Nd7 18.Bf2 b5 19.a3 Qc7 20.Bh4 Nb6 21.e5 d5 22.Bd3 h6
23.Bxe7 Qxe7 24.Qf2 Rb8 25.Nd4 Nxd4 26.Qxd4 Bc6 27.f5 exf5 28.Rxf5 Nc4 29.b3 Nxa3
30.Rf6 Bb7 31.Qf4 Kg8 32.Rf1 Rbe8 33.Rxh6 g6 34.Bxg6 fxg6 35.Rxg6+ Kh8 36.Qh6+ Qh7
37.Rxf8+  1-0

[Event "JUG-chT Cetinje"]
[Site "Cetinje"]
[Date "1990.??.??"]
[Round "4"]
[White "Zelic, Zdravko"]
[Black "Gostisa, Leon"]
[Result "1/2-1/2"]
[WhiteElo "2395"]
[BlackElo "2370"]

1.e4 c5 2.Nf3 e6 3.d4 cxd4 4.Nxd4 Nc6 5.Nc3 Qc7 6.g3 a6 7.Bg2 Nf6 8.O-O Be7
9.Re1 Nxd4 10.e5 Nf5 11.exf6 gxf6 12.Be4 Nd6 13.Bf4 Qc5 14.Bg2 Nb5 15.Ne4 Qd4
16.a4 Qxd1 17.Rexd1 f5 18.Be5 Rg8 19.axb5 fxe4 20.Bxe4 f6 21.Bf4 f5 22.Bf3 Bf6
23.c3 d5 24.Re1 Kf7 25.Ra2 Bd7 26.b6 Rac8 27.Bc7 Bb5 28.Bd6 Bd8 29.Bh5+ Kf6
30.Be5+ Ke7 31.Bd4 Rc6 32.Bf3 Kd7 33.b3 Bxb6 34.Be5 Rgc8 35.c4 dxc4 36.bxc4 Bxc4
37.Bxc6+ Rxc6 38.Rb2 Bb5 39.Rd1+ Ke7 40.Bf4 Rc4 41.Bg5+ Kf7 42.Rxb5 axb5
43.Rd7+ Kg6 44.Rxb7 Bxf2+ 45.Kxf2 Kxg5 46.Rxh7 Kg6 47.Rb7 Rc2+ 48.Kf3 Rxh2
49.Rxb5 Ra2 50.Rb8 Ra3+ 51.Kf4 Ra4+ 52.Kf3 Kg5 53.Rf8 Ra3+ 54.Kf2 e5 55.Rg8+ Kf6
56.Rf8+ Ke6 57.Kg2 e4 58.Kf2 Rf3+ 59.Kg2 Ke5 60.Ra8 Rd3 61.Kf2 Rd2+ 62.Ke3 Rd3+
63.Kf2 Rb3 64.Re8+ Kd4 65.Rd8+ Kc3 66.Rd5 Rb2+ 67.Ke3  1/2-1/2

[Event "JUG-chT Cetinje"]
[Site "Cetinje"]
[Date "1990.??.??"]
[Round "4"]
[White "Cigan, Stefan"]
[Black "Zarkovic, Jugoslav"]
[Result "0-1"]
[WhiteElo "2400"]
[BlackElo "2400"]

1.e4 c5 2.Nf3 e6 3.d4 cxd4 4.Nxd4 Nc6 5.Nc3 Qc7 6.f4 a6 7.Be2 b5 8.Be3 Nxd4
9.Qxd4 Bb7 10.Bf3 Ne7 11.O-O-O Rc8 12.Qd2 Ng6 13.Kb1 Be7 14.g3 Bf6 15.Ne2 O-O
16.h4 Rfd8 17.Nd4 e5 18.Nb3 d5 19.Qf2 dxe4 20.Bb6 Rxd1+ 21.Rxd1 Qb8 22.Ba7 Qa8
23.Bg4 Rd8 24.f5 Ne7 25.Rxd8+ Qxd8 26.Nc5 Bc8 27.Nxe4 Bxf5 28.Nxf6+ gxf6
29.Bf3 Qd7 30.b3 Kg7 31.Kb2 Bg4 32.Be4 h5 33.Be3 Bf5 34.Bg2 Bg6 35.Qd2 Qg4
36.Bf2 Nf5 37.Qe1 Nxh4 38.Bb7 Nf3 39.Qe3 Nd4 40.Bxa6 Qf5 41.Qc3 Qxf2  0-1

[Event "JUG-chT Cetinje"]
[Site "Cetinje"]
[Date "1990.??.??"]
[Round "5"]
[White "Vukovic, Zdravko"]
[Black "Zelic, Zdravko"]
[Result "1-0"]
[WhiteElo "2425"]
[BlackElo "2395"]

1.e4 c5 2.Nf3 e6 3.d4 cxd4 4.Nxd4 Nc6 5.Nc3 d6 6.Be2 Nf6 7.Bg5 a6 8.Qd3 Be7
9.Rd1 Bd7 10.O-O Nxd4 11.Qxd4 Bc6 12.f4 O-O 13.Kh1 h6 14.Bh4 Ne8 15.Bxe7 Qxe7
16.a4 Rd8 17.b4 Rc8 18.b5 axb5 19.axb5 Bd7 20.Qb4 Qd8 21.e5 Qc7 22.Rf3 d5
23.Bd3 f5 24.Ne2 b6 25.Rg1 Qc5 26.Qb2 Nc7 27.Nd4 Be8 28.h3 Qe7 29.Qc1 Bh5
30.Rf2 Bg6 31.g4 Qh4 32.Qe3 Rce8 33.Rfg2 Re7 34.Nf3  1-0

[Event "Chartres op"]
[Site "Chartres"]
[Date "1990.??.??"]
[Round "6"]
[White "Palac, Mladen"]
[Black "Cebalo, Miso"]
[Result "1-0"]
[WhiteElo "2505"]
[BlackElo "2525"]

1.e4 c5 2.Nf3 e6 3.d4 cxd4 4.Nxd4 Nc6 5.Nc3 d6 6.Be2 Nf6 7.O-O Be7 8.Kh1 Bd7
9.Ndb5 Qb8 10.a4 O-O 11.Be3 Rd8 12.f4 Be8 13.Bf3 Nb4 14.Nd4 Nc6 15.Qe2 Nxd4
16.Bxd4 e5 17.Be3 Qc7 18.f5 h6 19.g4 Rac8 20.g5 hxg5 21.Bxg5 d5 22.exd5 e4
23.Nxe4 Nxd5 24.f6 gxf6 25.Bd2 Nf4 26.Bxf4 Qxf4 27.Rg1+ Kf8 28.Rg4 Qe5 29.Qg2 Bd6
30.Rg1 Bd7 31.Nxd6 Qxd6 32.Re4 Be6 33.Qg7+ Ke7 34.Rge1 Rxc2 35.Rxe6+ Qxe6
36.Rxe6+ Kxe6 37.Qg4+ f5 38.Qg1 Rdd2 39.h4 Rxb2 40.h5 Rd3 41.Qe1+ Kf6 42.Qh4+ Ke5
43.Qg3+ Ke6 44.Qe1+ Kf6 45.Qh4+ Ke5 46.Qg3+ Ke6 47.h6 Rbb3 48.h7 Rxf3 49.Qxf3 Rxf3
50.h8=Q Rb3 51.Qe8+ Kf6 52.Qd8+ Kg6 53.Qd6+ Kg7 54.Qd4+ Kg6 55.Qxa7 b6 56.Qb8 f4
57.Qxf4 Rh3+ 58.Kg2 Rh6 59.Kf3 Kg7 60.Ke4 Re6+ 61.Kd5 Kg6 62.Kc4 Kg7 63.Kb5 Kg6
64.Qf2 f5 65.Qf4 Kf6 66.Ka6 Re4 67.Qd6+ Kg5 68.Qd7 Re3 69.Qg7+ Kh5 70.Kxb6 f4
71.a5 Rb3+ 72.Kc5 Kh4 73.a6 Ra3 74.a7 f3 75.Qh8+ Kg3 76.a8=Q Rxa8 77.Qxa8 f2
78.Qh1  1-0

[Event "Copenhagen op"]
[Site "Copenhagen"]
[Date "1990.??.??"]
[Round "3"]
[White "Conquest, Stuart"]
[Black "Kochyev, Alexander"]
[Result "0-1"]
[WhiteElo "2465"]
[BlackElo "2450"]

1.e4 c5 2.Nf3 e6 3.d4 cxd4 4.Nxd4 Nc6 5.Nc3 d6 6.Be2 Nf6 7.O-O Be7 8.Be3 Bd7
9.f4 O-O 10.Nb3 Qc7 11.g4 d5 12.e5 Ne4 13.Nb5 Qb8 14.c4 a6 15.Nc3 Nxc3 16.bxc3 dxc4
17.Nd2 Qc7 18.Nxc4 b5 19.Nb6 Rad8 20.Qe1 Na5 21.Qf2 Bc6 22.c4 bxc4 23.Nxc4 Nxc4
24.Bxc4 Ba8 25.Be2 Rc8 26.Bf3 Bxf3 27.Qxf3 Qa5 28.Qe4 Bc5 29.Rfd1 Bxe3+ 30.Qxe3 Rc2
31.a4 Rc4 32.Rd7 Rxa4 33.Rxa4 Qxa4 34.Qd2 Qc6 35.Rd6 Qf3 36.g5 Qb7 37.h4 g6
38.Kh2 Kg7 39.Rd7 Qf3 40.Rd3 Qg4  0-1

[Event "Corfu schev"]
[Site "Corfu"]
[Date "1990.??.??"]
[Round "?"]
[White "Kotronias, Vasilios"]
[Black "Polgar, Sofia"]
[Result "0-1"]
[WhiteElo "2510"]
[BlackElo "2425"]

1.e4 c5 2.Nf3 e6 3.d4 cxd4 4.Nxd4 Nc6 5.Nc3 Qc7 6.Be2 a6 7.O-O Nf6 8.Kh1 Be7
9.f4 d6 10.Be3 O-O 11.Qe1 Nxd4 12.Bxd4 b5 13.e5 dxe5 14.fxe5 Nd7 15.Bf3 Rb8
16.Ne4 Nxe5 17.Qg3 f6 18.Rae1 Kh8 19.Bg4 Bd7 20.Ng5 Bd6 21.Nxe6 Bxe6 22.Bxe6 Nc6
23.Qh4 Nxd4 24.Qxd4 Bxh2 25.Bf5 Be5 26.Qh4 g6 27.Bxg6 Bg3 28.Qh5 Bxe1 29.Rxe1 Rg8
30.Bd3 Qg7 31.g4 Rbd8 32.Re6 Rd4 33.Be4 Qc7 34.Qf5 Qg7 35.Qh5 Qd7 36.Qf5 Rg6
37.Kg2 Rd2+ 38.Kg3 Qa7 39.Bg2 Qc7+ 40.Kf3 Qh2  0-1

[Event "Dieren op"]
[Site "Dieren"]
[Date "1990.??.??"]
[Round "5"]
[White "Mazi, Leon"]
[Black "Langeweg, Kick"]
[Result "0-1"]
[WhiteElo "2295"]
[BlackElo "2420"]

1.e4 c5 2.Nf3 e6 3.d4 cxd4 4.Nxd4 Nc6 5.Nc3 d6 6.Be3 Nf6 7.Qd2 Be7 8.f3 a6
9.g4 Qc7 10.O-O-O O-O 11.g5 Nd7 12.h4 Nde5 13.f4 Nxd4 14.Qxd4 Nc6 15.Qd2 b5
16.h5 Na5 17.Qf2 Rb8 18.Ne2 Nc4 19.Ng3 Nxe3 20.Qxe3 Qb6 21.Qd2 d5 22.exd5 Rd8
23.g6 fxg6 24.hxg6 h6 25.Qe2 Bd6 26.Nh5 exd5 27.Bh3 Bf8 28.f5 Rb7 29.f6 gxf6
30.g7 Bc5 31.Rde1 Re7 32.Qf3 Rf7 33.Bxc8 Rxc8 34.Qxd5 Be3+ 35.Kb1 f5 36.Rhf1 f4
37.Nxf4 Qc7 38.Nd3 Bg5  0-1

[Event "Dieren op"]
[Site "Dieren"]
[Date "1990.??.??"]
[Round "9"]
[White "Ermenkov, Evgenij"]
[Black "Ziatdinov, Raset"]
[Result "1/2-1/2"]
[WhiteElo "2465"]
[BlackElo "2515"]

1.e4 c5 2.Nf3 Nc6 3.Nc3 e6 4.d4 cxd4 5.Nxd4 d6 6.Be2 Nf6 7.O-O Be7 8.Be3 O-O
9.f4 a6 10.Qe1 Bd7 11.Qg3 Nxd4  1/2-1/2

[Event "Dornbirn op"]
[Site "Dornbirn"]
[Date "1990.??.??"]
[Round "?"]
[White "Scheipl, Ralf"]
[Black "Horvath, Jozsef"]
[Result "0-1"]
[WhiteElo "2305"]
[BlackElo "2525"]

1.e4 c5 2.Nf3 e6 3.d4 cxd4 4.Nxd4 Nc6 5.Nc3 Qc7 6.Be3 a6 7.Bd3 Nf6 8.O-O Ne5
9.h3 Bc5 10.Qd2 d6 11.Be2 O-O 12.f4 Ng6 13.a3 b5 14.f5 Ne5 15.fxe6 fxe6 16.Nb3 Bxe3+
17.Qxe3 Bd7 18.Rad1 Rab8 19.Nd4 Qc5 20.b4 Qb6 21.Kh2 Rbc8 22.g4 h6 23.Rg1 Nf7
24.Rg3 Rxc3 25.Qxc3 Nxe4 26.Qe3 Nxg3 27.Qxg3 Ng5 28.Bd3 Kh8 29.c3 e5 30.Nf5 g6
31.h4 gxf5 32.hxg5 fxg4 33.Be4 Rf2+ 34.Kh1 hxg5 35.Rd4 Re2 36.Bf3 Re3 37.Rxg4 Bxg4
38.Qxg4 Re1+  0-1

[Event "Dresden (Women)"]
[Site "Dresden"]
[Date "1990.??.??"]
[Round "?"]
[White "Schaefer, Anke"]
[Black "Kunze, Kerstin"]
[Result "0-1"]
[WhiteElo "2000"]
[BlackElo "2160"]

1.e4 c5 2.Nf3 e6 3.Nc3 Nc6 4.d4 cxd4 5.Nxd4 Qb6 6.Nb3 Bb4 7.Bd2 Nf6 8.Bd3 O-O
9.a3 Be7 10.Be3 Qd8 11.f4 d6 12.O-O e5 13.f5 Kh8 14.Bc4 a6 15.Bd5 Bd7 16.Kh1 b5
17.g4 Rc8 18.g5 Nxd5 19.exd5 Bxg5 20.Bxg5 Qxg5 21.dxc6 Bxc6+ 22.Nd5 Qh4 23.Qd3 Ba8
24.Rad1 Rc4 25.Qd2 a5 26.Qg2 a4 27.Nc1 Rd4  0-1

[Event "BCF-ch"]
[Site "Eastbourne"]
[Date "1990.??.??"]
[Round "?"]
[White "Clarke, Thomas"]
[Black "Hamid, Rani"]
[Result "1-0"]
[WhiteElo "2215"]
[BlackElo "2195"]

1.e4 c5 2.Nc3 e6 3.Nf3 Nc6 4.d4 cxd4 5.Nxd4 Nf6 6.Nxc6 bxc6 7.e5 Nd5 8.Ne4 Qc7
9.f4 Qb6 10.Bd3 c5 11.a3 Bb7 12.c4 Nc7 13.Be3 a5 14.O-O Rb8 15.Qg4 Bxe4 16.Bxe4 Qb3
17.Qf3 Be7 18.Rad1 Qxc4 19.f5 exf5 20.Bxf5 Rd8 21.e6 O-O 22.exf7+ Rxf7 23.Bxh7+ Kf8
24.Qh5 d6 25.Bg6 Rxf1+ 26.Rxf1+ Bf6 27.Rxf6+ gxf6 28.Qh8+  1-0

[Event "Eger Agria"]
[Site "Eger"]
[Date "1990.??.??"]
[Round "?"]
[White "Lukez, Franko"]
[Black "Sinowjew, Juri"]
[Result "0-1"]
[WhiteElo "2325"]
[BlackElo "2260"]

1.e4 c5 2.Nf3 e6 3.d4 cxd4 4.Nxd4 Nc6 5.Nc3 a6 6.Be2 Qc7 7.O-O Nf6 8.Kh1 Be7
9.f4 d6 10.Be3 O-O 11.Qe1 Nxd4 12.Bxd4 b5 13.a3 Bb7 14.Qg3 Bc6 15.e5 dxe5
16.Bxe5 Qb7 17.f5 exf5 18.Rxf5 Ne8 19.Bf3 f6 20.Bxc6 Qxc6 21.Bf4 Nd6 22.Rh5 Rf7
23.Nd5 Bf8 24.Nb4 Qb6 25.Bxd6 Qxd6 26.Qb3 Re8 27.Rf1 Qe6 28.Qxe6 Rxe6 29.Rhf5 Re2
30.R5f2 Rfe7 31.Nd3 R7e3 32.Rxe2 Rxe2 33.Rf2 Rxf2 34.Nxf2 Kf7 35.Kg1 Ke6
36.Nd3 Kd5 37.Kf2 Ke4 38.Ke2 Bd6 39.h3 a5 40.Kf2 a4  0-1

[Event "SWE-FIN"]
[Site "Eksjo"]
[Date "1990.??.??"]
[Round "1"]
[White "Nokso Koivisto, Antti"]
[Black "Cramling, Pia"]
[Result "0-1"]
[WhiteElo "2385"]
[BlackElo "2505"]

1.e4 c5 2.Nf3 e6 3.d4 cxd4 4.Nxd4 Nc6 5.Nc3 Qc7 6.Nxc6 bxc6 7.Bd3 Nf6 8.O-O Be7
9.f4 d5 10.e5 Nd7 11.Na4 Nc5 12.Nxc5 Bxc5+ 13.Kh1 a5 14.Qe1 g6 15.Be3 Bxe3
16.Qxe3 Qa7 17.Qh3 O-O 18.c4 Ba6 19.cxd5 cxd5 20.Rac1 Rfc8 21.Bxa6 Qxa6 22.Qe3 Rc2
23.Rxc2 Qxf1+ 24.Qg1 Qxf4 25.Qe1 a4 26.g3 Qf3+ 27.Kg1 d4 28.Qf2 Qd5 29.Qg2 Rd8
30.Qxd5 Rxd5 31.Rd2 Rxe5 32.Rxd4 Re2 33.Rxa4 Rxb2 34.Ra8+ Kg7 35.a4 Ra2 36.a5 e5
37.a6 f5 38.Ra7+ Kf6 39.Rxh7 Rxa6 40.h4 Ra2 41.h5 gxh5 42.Rxh5 e4 43.Rh8 Ke5
44.Rh5 e3 45.Kf1 Ke4 46.Rh4+ Kd3 47.Rh8 Ra1+ 48.Kg2 e2 49.Rd8+ Kc4 50.Rc8+ Kd5
51.Rd8+ Kc6  0-1

[Event "ESP-chT"]
[Site "?"]
[Date "1990.??.??"]
[Round "?"]
[White "Martin Gonzalez, Angel"]
[Black "Mellado Trivino, Juan"]
[Result "1-0"]
[WhiteElo "2400"]
[BlackElo "2315"]

1.e4 c5 2.Nf3 e6 3.Nc3 Nc6 4.d4 cxd4 5.Nxd4 Nf6 6.Ndb5 d6 7.Bf4 e5 8.Bg5 a6
9.Na3 b5 10.Bxf6 gxf6 11.Nd5 Bg7 12.c3 Ne7 13.Nc2 f5 14.Nxe7 Qxe7 15.exf5 O-O
16.Ne3 Bb7 17.a4 b4 18.Bc4 e4 19.O-O bxc3 20.bxc3 Rac8 21.Rb1 Rc5 22.Rb6 Bc6
23.Bd5 Bxd5 24.Nxd5 Qe5 25.Ne3 Rd8 26.c4 a5 27.Qg4 Kh8 28.Rb7 Rg8 29.Rxf7 Qe8
30.Rb7 Qxa4 31.Qxe4 Re5 32.Qh4 Qc6 33.Rfb1 Re4 34.Qh3 Rf4 35.Rxg7  1-0

[Event "ESP-ch"]
[Site "ESP"]
[Date "1990.??.??"]
[Round "4"]
[White "Sanz Alonso, Francisco Javier"]
[Black "Sion Castro, Marcelino"]
[Result "0-1"]
[WhiteElo "2420"]
[BlackElo "2350"]

1.e4 c5 2.Nf3 e6 3.d4 cxd4 4.Nxd4 Nc6 5.Nc3 Qc7 6.f4 a6 7.Nf3 b5 8.Bd3 Bc5
9.Qe2 Nd4 10.Nxd4 Bxd4 11.Nd1 Ne7 12.c3 Bc5 13.Nf2 b4 14.O-O bxc3 15.Kh1 O-O
16.bxc3 f6 17.Bd2 Rb8 18.Rab1 Rxb1 19.Rxb1 Ng6 20.Nh3 Qc6 21.Qh5 Ne7 22.f5 exf5
23.exf5 Bb7 24.Qg4 Kh8 25.Nf4 Bd6 26.Nh5 Rg8 27.Re1 Be5 28.Be4 Qc4 29.Ng3 d5
30.Bf3 Qxa2 31.Qb4 Qxd2 32.Rd1 Qh6 33.Nf1 Nxf5 34.Qxb7 Ne3  0-1